000 00592nam a22001937a 4500
999 _c16546
_d16546
003 OSt
005 20171006113526.0
008 171006b xxu||||| |||| 00| 0 eng d
020 _a9789966496610
040 _aKABU
_cKABU
050 _aBV1547
_b.L58 2005 Bk4
245 _aLiving the promise
_bCRE form 4 : student's book four /
_cAlice Gunyali ... [et al.]
246 _aCRE form 4
260 _aNairobi
_bLonghorn
_c2005
300 _aiv, 227 p.
650 _aChristian religious education
700 _aGunyali, Alice
942 _2lcc
_cBK
_hBV1547
_i.L58 2005 Bk4